Normal view
MARC view
- Aggarwal R.S
Entry Personal Name
001 - CONTROL NUMBER
- control field: 41
003 - CONTROL NUMBER IDENTIFIER
- control field: OSt
005 - DATE AND TIME OF LATEST TRANSACTION
- control field: 20160805100715.0
008 - FIXED-LENGTH DATA ELEMENTS
- fixed length control field: 160805|| aca||aabn | a|a d
040 ## - CATALOGING SOURCE
- Original cataloging agency: OSt
100 ## - HEADING--PERSONAL NAME
- Personal name: Aggarwal R.S